Le cinéma italien de 1945 à nos jours 5e éd. (notice n° 1925585)

détails MARC
000 -LEADER
fixed length control field 01387cam a2200133 4500500
005 - DATE AND TIME OF LATEST TRANSACTION
control field 20260329023223.0
041 ## - LANGUAGE CODE
Language code of text/sound track or separate title fre
042 ## - AUTHENTICATION CODE
Authentication code dc
100 10 - MAIN ENTRY--PERSONAL NAME
Personal name Schifano, Laurence
Relator term author
245 00 - TITLE STATEMENT
Title Le cinéma italien de 1945 à nos jours 5e éd.
260 ## - PUBLICATION, DISTRIBUTION, ETC.
Name of publisher, distributor, etc. Armand Colin,<br/>
Date of publication, distribution, etc. 2022.<br/>
520 ## - SUMMARY, ETC.
Summary, etc. Face aux crises et aux mutations qui ont accompagné son histoire, le cinéma italien n’a pas cessé de se renouveler. Véritable laboratoire de formes et d’inventions, il a aussi donné naissance à des genres florissants et à des sous-genres éphémères (comédies à l’italienne, cinepanettoni, péplums, westerns spaghetti, giallos…) dénigrés avant d’être réhabilités et d’étendre loin très leur influence.Cet ouvrage, réactualisé et augmenté dans sa 4e  édition, fournit des repères essentiels à la perception d'un foyer créatif riche et complexe, ancré dans des identités régionales, des sources populaires, des traditions spectaculaires et des modes de production spécifiques. Il met notamment en lumière la conscience historique et les contextes politiques qui, de Rossellini et Visconti à Nanni Moretti, Marco Tullio Giordana et Marco Bellocchio,  ont toujours déterminé et inspiré les cinéastes transalpins.
856 41 - ELECTRONIC LOCATION AND ACCESS
Uniform Resource Identifier <a href="https://shs.cairn.info/le-cinema-italien-de-1945-a-nos-jours--9782200630027?lang=fr&redirect-ssocas=7080">https://shs.cairn.info/le-cinema-italien-de-1945-a-nos-jours--9782200630027?lang=fr&redirect-ssocas=7080</a>

Pas d'exemplaire disponible.

PLUDOC

PLUDOC est la plateforme unique et centralisée de gestion des bibliothèques physiques et numériques de Guinée administré par le CEDUST. Elle est la plus grande base de données de ressources documentaires pour les Étudiants, Enseignants chercheurs et Chercheurs de Guinée.

Adresse

627 919 101/664 919 101

25 boulevard du commerce
Kaloum, Conakry, Guinée

Réseaux sociaux

Powered by Netsen Group @ 2025